000 00771nam a2200193Ia 4500
003 OSt
005 20250414155721.0
008 191128s1983 ck er 000 f spa d
040 _aCO-JMCR
_cCO-JMCR
041 _aspa
082 0 4 _aA-N
_bGREm
100 1 _aGreeley, Andrew M.
_eautor
_97150
245 1 3 _aLa mujer de tu hermano /
_cAndrew M. Greeley
260 _aBogotá :
_bCírculo de lectores,
_c1983
300 _a343 páginas ;
_c20 cm.
520 _aUn padre omnipotente en el que se descubre la clara similitud con el padre de los Kennedy, decide el destino de sus dos hijos: uno será Presidente de los Estados Unidos y el otro cardenal. Qué podría oponerse a su soberana voluntad y a sus millones.
650 1 4 _aAmor en la literatura
_9634
942 _2ddc
_cBK
999 _c3573
_d3573